01416nam a2200313 a 4500001001000000003000900010005001700019008004100036020001800077040002500095082003100120100004400151245008100195260008700276300004500363500005700408500006400465500003400529504003200563590002600595600004400621650006000665651008200725710004000807910003700847942001400884952018700898999001701085000049009DO-SdBNP20240927073749.0190715s2013 dr a r 000 0 spa d a9789945007282 aDO-SdBNPbspacBNPHU 4a923.27293bD812b, 20132221 a Balaguer, Joaquín,d1906-200297655613aEl Cristo de la libertad /cJoaquín Balaguer; prólogo Jorge Tenas Reyes. aSanto Domingo :bLiga Municipal DominicanabFundación Joaquín Balaguer,c2013. a208 p. :bil. , fots., retrs. ;c23 cm. aIncluye datos biográficos del autor en las solapas aBicentenario del natalicio de Juan Pablo Duarte (1813-2013) aIncluye índice onomástico aBibliografía : p. 187-200 aInventariado, 2019/BT10aDuarte, Juan Pablo, d1813-187691494 4aEstadistaszRepública DominicanavBiografías945404 4aRepública Dominicanax República DominicanaxHistoriay 1844-1930 9813561 aTenas Reyes, Jorge,epról.976434 aValidado. Control de calidad MFF 2ddccLBS1 00102ddc53708PDaBNPHUbBNPHUcHDd2019-07-15l0oBNPHU PD 923.27293 D812b 2013p49010-10r2020-06-25w2020-06-25yLBS1zPerteneció a la biblioteca peersonal de Laura García. c48497d48497